IPD UK let land index 2006 (Record no. 105652)
[ view plain ]
| 000 -LEADER | |
|---|---|
| fixed length control field | 01377cam a2200241 4500 |
| 001 - CONTROL NUMBER | |
| control field | ##L134331 |
| 008 - FIXED-LENGTH DATA ELEMENTS--GENERAL INFORMATION | |
| fixed length control field | 060726n2006 000 0 eng u |
| 035 ## - SYSTEM CONTROL NUMBER | |
| System control number | (Sirsi) u134331 |
| 041 0# - LANGUAGE CODE | |
| Language code of text/sound track or separate title | eng |
| 050 04 - LIBRARY OF CONGRESS CALL NUMBER | |
| Classification number | 630.026 $2 18 |
| 110 2# - MAIN ENTRY--CORPORATE NAME | |
| Corporate name or jurisdiction name as entry element | Investment Property Databank |
| 9 (RLIN) | 2288 |
| 245 00 - TITLE STATEMENT | |
| Title | IPD UK let land index 2006 |
| 260 ## - PUBLICATION, DISTRIBUTION, ETC. | |
| Place of publication, distribution, etc. | London |
| Name of publisher, distributor, etc. | IPD |
| Date of publication, distribution, etc. | 2006 |
| 490 #0 - SERIES STATEMENT | |
| Series statement | IPD UK Let Land Index |
| 505 2# - FORMATTED CONTENTS NOTE | |
| Formatted contents note | Long-term performance and results for calendar year 2005 -- Let land performance -- Market commentary -- Data series -- Returns by region and lease type -- Rental growth and yields -- Operating costs -- Index composition 2005 overview |
| 520 ## - SUMMARY, ETC. | |
| Summary, etc. | Shows the performance of let farms weakened in 2005, but still outperformed residential property. However, annualised over the last three and five years, let land also gives a stronger return than commercial property. The index records the ungeared returns earned on a sample of tenanted farms owned by private individuals, a small number of pension funds and insurance companies, and the traditional land-owning institutions. Tables and graphs. |
| 590 ## - LOCAL NOTE (RLIN) | |
| Local note | IKA010806 |
| 650 24 - SUBJECT ADDED ENTRY--TOPICAL TERM | |
| Topical term or geographic name entry element | IPD UK LET LAND INDEX |
| 651 #4 - SUBJECT ADDED ENTRY--GEOGRAPHIC NAME | |
| Geographic name | United Kingdom |
| Chronological subdivision | |
| 690 ## - LOCAL SUBJECT ADDED ENTRY--TOPICAL TERM (OCLC, RLIN) | |
| Topical term or geographic name as entry element | PROPERTY-RURAL AND NATURAL ASSETS-AGRICULTURAL PROPERTY |
| 856 40 - ELECTRONIC LOCATION AND ACCESS | |
| Uniform Resource Identifier | <a href="https://www.savills.co.uk/">https://www.savills.co.uk/</a> |
| Public note | View the item free of charge at www.savills.co.uk... |
| 942 ## - ADDED ENTRY ELEMENTS (KOHA) | |
| Suppress in OPAC | 0 |
| Withdrawn status | Lost status | Source of classification or shelving scheme | Damaged status | Not for loan | Home library | Current library | Shelving location | Date acquired | Total Checkouts | Full call number | Barcode | Date last seen | Copy number | Price effective from | Koha item type |
|---|---|---|---|---|---|---|---|---|---|---|---|---|---|---|---|
| Dewey Decimal Classification | Virtual | Virtual | Online | 26/07/2006 | ONLINE PUBLICATION | 134331-1001 | 06/08/2019 | 1 | 06/08/2019 | Book |